Phương pháp tự học Taekwondo bằng hình ảnh

Guardat en:
Dades bibliogràfiques
Autor principal: Trần, Thị Kim Yến
Format: Llibre
Idioma:Undetermined
Publicat: Tp. Hồ Chí Minh Tổng Hợp 2004
Matèries:
Etiquetes: Afegir etiqueta
Sense etiquetes, Sigues el primer a etiquetar aquest registre!
Thư viện lưu trữ: Trung tâm Học liệu Trường Đại học Cần Thơ
LEADER 00622nam a2200193Ia 4500
001 CTU_74059
008 210402s9999 xx 000 0 und d
020 |b 16000 
082 |a 796.8153 
082 |b Y603 
100 |a Trần, Thị Kim Yến 
245 0 |a Phương pháp tự học Taekwondo bằng hình ảnh 
245 0 |c Trần Thị Kim Yến biên soạn; Nguyễn Văn Chương hiệu đính 
260 |a Tp. Hồ Chí Minh 
260 |b Tổng Hợp 
260 |c 2004 
650 |a Tae kwondo 
904 |i Nguyên 
980 |a Trung tâm Học liệu Trường Đại học Cần Thơ